Yu-Gi-Oh! - Monstre (10) - Statistiques

Statistiques générales
  • Ce quiz a été pris 73 fois
  • Le résultat moyen est 142 sur 144
Statistiques - réponses
Question Tuile Select % Correct
Qui est Sorcier Masqué Toon ? Non
100%
Qui est Sorcier Masqué Toon ? Non
100%
Qui est Sorcier Masqué Toon ? Non
100%
Qui est Sorcier Masqué Toon ? Non
100%
Qui est Sorcier Masqué Toon ? Non
100%
Qui est Sorcier Masqué Toon ? Non
100%
Qui est Sorcier Masqué Toon ? Non
100%
Qui est Sorcier Masqué Toon ? Non
100%
Qui est Sorcier Masqué Toon ? Non
100%
Qui est Troupe d'Assaut Gobline Toon ? Non
100%
Qui est Troupe d'Assaut Gobline Toon ? Non
100%
Qui est Troupe d'Assaut Gobline Toon ? Non
100%
Qui est Troupe d'Assaut Gobline Toon ? Non
100%
Qui est Troupe d'Assaut Gobline Toon ? Non
100%
Qui est Troupe d'Assaut Gobline Toon ? Non
100%
Qui est Troupe d'Assaut Gobline Toon ? Non
100%
Qui est Troupe d'Assaut Gobline Toon ? Non
100%
Qui est Troupe d'Assaut Gobline Toon ? Non
100%
Qui est Troupe d'Assaut Gobline Toon ? Non
100%
Qui est Le Renoncé ? Non
100%
Qui est Le Renoncé ? Non
100%
Qui est Le Renoncé ? Non
100%
Qui est Le Renoncé ? Non
100%
Qui est Le Renoncé ? Non
100%
Qui est Le Renoncé ? Non
100%
Qui est Le Renoncé ? Non
100%
Qui est Le Renoncé ? Non
100%
Qui est Le Renoncé ? Non
100%
Qui est Le Renoncé ? Non
100%
Qui est Magicienne des Ténèbres Toon ? Oui
100%
Qui est Magicienne des Ténèbres Toon ? Non
100%
Qui est Magicienne des Ténèbres Toon ? Non
100%
Qui est Magicienne des Ténèbres Toon ? Non
100%
Qui est Magicienne des Ténèbres Toon ? Non
100%
Qui est Magicienne des Ténèbres Toon ? Non
100%
Qui est Magicienne des Ténèbres Toon ? Non
100%
Qui est Magicienne des Ténèbres Toon ? Non
100%
Qui est Magicienne des Ténèbres Toon ? Non
100%
Qui est Magicienne des Ténèbres Toon ? Non
100%
Qui est Magicienne des Ténèbres Toon ? Non
100%
Qui est Magicienne des Ténèbres Toon ? Non
100%
Qui est Crâne Invoqué Toon ? Non
100%
Qui est Crâne Invoqué Toon ? Non
100%
Qui est Crâne Invoqué Toon ? Non
100%
Qui est Crâne Invoqué Toon ? Non
100%
Qui est Crâne Invoqué Toon ? Non
100%
Qui est Crâne Invoqué Toon ? Non
100%
Qui est Crâne Invoqué Toon ? Non
100%
Qui est Crâne Invoqué Toon ? Non
100%
Qui est Dragon Toon aux Yeux Bleus ? Non
100%
Qui est Dragon Toon aux Yeux Bleus ? Non
100%
Qui est Dragon Toon aux Yeux Bleus ? Non
100%
Qui est Dragon Toon aux Yeux Bleus ? Non
100%
Qui est Dragon Toon aux Yeux Bleus ? Non
100%
Qui est Dragon Toon aux Yeux Bleus ? Non
100%
Qui est Dragon Toon aux Yeux Bleus ? Non
100%
Qui est Dragon Toon aux Yeux Bleus ? Non
100%
Qui est Dragon Toon aux Yeux Bleus ? Non
100%
Qui est Dragon Toon aux Yeux Bleus ? Non
100%
Qui est Dragon Toon aux Yeux Bleus ? Non
100%
Qui est Dragon Toon aux Yeux Bleus ? Oui
100%
Qui est Le Renoncé aux Milles Yeux ? Non
100%
Qui est Le Renoncé aux Milles Yeux ? Non
100%
Qui est Le Renoncé aux Milles Yeux ? Non
100%
Qui est Le Renoncé aux Milles Yeux ? Non
100%
Qui est Le Renoncé aux Milles Yeux ? Non
100%
Qui est Le Renoncé aux Milles Yeux ? Non
100%
Qui est Le Renoncé aux Milles Yeux ? Non
100%
Qui est Le Renoncé aux Milles Yeux ? Non
100%
Qui est Le Renoncé aux Milles Yeux ? Non
100%
Qui est Golem Rouages Ancients Toon ? Non
98%
Qui est Golem Rouages Ancients Toon ? Non
98%
Qui est Golem Rouages Ancients Toon ? Non
98%
Qui est Golem Rouages Ancients Toon ? Non
98%
Qui est Golem Rouages Ancients Toon ? Non
98%
Qui est Golem Rouages Ancients Toon ? Non
98%
Qui est Golem Rouages Ancients Toon ? Non
98%
Qui est Golem Rouages Ancients Toon ? Non
98%
Qui est Golem Rouages Ancients Toon ? Oui
98%
Qui est Golem Rouages Ancients Toon ? Non
98%
Qui est Golem Rouages Ancients Toon ? Non
98%
Qui est Golem Rouages Ancients Toon ? Non
98%
Qui est Sorcier Masqué Toon ? Non
98%
Qui est Alligator Toon ? Non
98%
Qui est Alligator Toon ? Non
98%
Qui est Alligator Toon ? Non
98%
Qui est Alligator Toon ? Oui
98%
Qui est Alligator Toon ? Non
98%
Qui est Alligator Toon ? Non
98%
Qui est Alligator Toon ? Non
98%
Qui est Alligator Toon ? Non
98%
Qui est Alligator Toon ? Non
98%
Qui est Alligator Toon ? Non
98%
Qui est Alligator Toon ? Non
98%
Qui est Elfe Gemini Toon ? Non
98%
Qui est Elfe Gemini Toon ? Non
98%
Qui est Elfe Gemini Toon ? Non
98%
Qui est Elfe Gemini Toon ? Non
98%
Qui est Elfe Gemini Toon ? Non
98%
Qui est Elfe Gemini Toon ? Non
98%
Qui est Elfe Gemini Toon ? Non
98%
Qui est Elfe Gemini Toon ? Non
98%
Qui est Elfe Gemini Toon ? Non
98%
Qui est Troupe d'Assaut Gobline Toon ? Oui
98%
Qui est Troupe d'Assaut Gobline Toon ? Non
98%
Qui est Sirène Toon ? Non
98%
Qui est Sirène Toon ? Non
98%
Qui est Sirène Toon ? Oui
98%
Qui est Sirène Toon ? Non
98%
Qui est Sirène Toon ? Non
98%
Qui est Sirène Toon ? Non
98%
Qui est Sirène Toon ? Non
98%
Qui est Sirène Toon ? Non
98%
Qui est Sirène Toon ? Non
98%
Qui est Sirène Toon ? Non
98%
Qui est Sirène Toon ? Non
98%
Qui est Crâne Invoqué Toon ? Oui
98%
Qui est Crâne Invoqué Toon ? Non
98%
Qui est Crâne Invoqué Toon ? Non
98%
Qui est Crâne Invoqué Toon ? Non
98%
Qui est Le Renoncé aux Milles Yeux ? Non
98%
Qui est Manga Ryu-Ran ? Non
98%
Qui est Manga Ryu-Ran ? Non
98%
Qui est Manga Ryu-Ran ? Non
98%
Qui est Manga Ryu-Ran ? Non
98%
Qui est Manga Ryu-Ran ? Non
98%
Qui est Manga Ryu-Ran ? Non
98%
Qui est Manga Ryu-Ran ? Non
98%
Qui est Manga Ryu-Ran ? Non
98%
Qui est Manga Ryu-Ran ? Non
98%
Qui est Sorcier Masqué Toon ? Non
97%
Qui est Alligator Toon ? Non
97%
Qui est Elfe Gemini Toon ? Non
97%
Qui est Elfe Gemini Toon ? Non
97%
Qui est Sirène Toon ? Non
97%
Qui est Manga Ryu-Ran ? Non
97%
Qui est Manga Ryu-Ran ? Non
97%
Qui est Sorcier Masqué Toon ? Oui
95%
Qui est Elfe Gemini Toon ? Oui
95%
Qui est Manga Ryu-Ran ? Oui
95%
Qui est Le Renoncé aux Milles Yeux ? Non
94%
Qui est Le Renoncé aux Milles Yeux ? Oui
92%
Qui est Le Renoncé ? Oui
88%
Qui est Le Renoncé ? Non
86%
Aucun quiz correspondant
Distribution des résultats
% des personnes avec chaque résultat
Percentile par nombre de réponses
Votre historique - résultats
Vous n’avez pas pris ce quiz